| 000 | 00591cam a2200229 a 4500 | ||
|---|---|---|---|
| 001 | 14695289 | ||
| 005 | 20180115051855.0 | ||
| 008 | 070112s2008 maua 001 0 eng | ||
| 010 | _a 2007920772 | ||
| 020 | _a9781413030624 | ||
| 020 | _a1413030629 | ||
| 040 |
_aDLC _cDLC _dDLC |
||
| 041 | _aeng | ||
| 080 | _a37 KIR | ||
| 082 | _a37 KIR | ||
| 100 | 1 | _a47 | |
| 101 | _aEDU | ||
| 245 | 1 | 4 |
_aThe Wadsworth handbook / _cLaurie G. Kirszner, Stephen R. Mandell. |
| 906 |
_a7 _bcbc _corignew _d2 _eepcn _f20 _gy-gencatlg |
||
| 942 |
_2ddc _cBK |
||
| 999 |
_c40254 _d40254 |
||